[Event "Begonia op 51st"]
[Site "Ballarat"]
[Date "2017.03.11"]
[Round "7"]
[White "Ly, Moulthun"]
[Black "Gorka, Carl"]
[Result "1-0"]
[WhiteElo "2492"]
[BlackElo "2141"]
[PlyCount "98"]
[EventDate "2017.03.11"]
[EventType "swiss"]
[EventRounds "7"]
[EventCountry "AUS"]
[SourceTitle "CBM 177 Extra"]
[Source "ChessBase"]
[SourceDate "2017.04.27"]
[SourceVersion "1"]
[SourceVersionDate "2017.04.27"]
[SourceQuality "1"]

1. e4 e5 2. Nf3 d6 3. d4 exd4 4. Nxd4 Nf6 5. Nc3 Be7 6. Be2 0-0 7. Bf4 Re8 8. Qd2 Bf8 9. f3 c6 10. 0-0-0 b5 11. Bxb5 cxb5 12. Ndxb5 Ba6 13. Bxd6 Bxb5 14. Bxf8 Qxd2+ 15. Rxd2 Bc6 16. Bd6 Nbd7 17. b3 h5 18. h4 Rac8 19. Kb2 Ne5 20. Rhd1 Ng6 21. Bg3 Nh7 22. Nd5 Nhf8 23. Ne3 Ne6 24. Nf5 Rcd8 25. Bf2 Rxd2 26. Rxd2 a6 27. Rd6 Rc8 28. Be3 Kf8 29. Bd2 Nef4 30. Bb4 Ke8 31. Rd2 Rb8 32. Bd6 Rd8 33. Bxf4 Nxf4 34. Nxg7+ Ke7 35. Nf5+ Ke8 36. Rf2 Rd1 37. g3 Nh3 38. Rh2 Ng1 39. Rf2 Nh3 40. Re2 Ng1 41. Re3 Rd2 42. Kc3 Rf2 43. Nd4 Kd7 44. a4 Bb7 45. Kb4 f5 46. e5 Nxf3 47. e6+ Ke8 48. Nxf5 Bc6 49. e7 Ne1 1-0

[Event "Australian Masters IM"]
[Site "Melbourne"]
[Date "2015.12.15"]
[Round "4"]
[White "Jones, Richard"]
[Black "Gorka, Carl"]
[Result "1/2-1/2"]
[WhiteElo "2403"]
[BlackElo "2166"]
[PlyCount "95"]
[EventDate "2015.12.12"]
[EventType "tourn"]
[EventRounds "9"]
[EventCountry "AUS"]
[EventCategory "1"]
[SourceTitle "EXT 2017"]
[Source "ChessBase"]
[SourceDate "2016.10.25"]
[SourceVersion "1"]
[SourceVersionDate "2016.10.25"]
[SourceQuality "1"]

1. e4 e5 2. Nf3 d6 3. d4 exd4 4. Nxd4 Nf6 5. Nc3 Be7 6. Be2 0-0 7. Bf4 Re8 8. Qd2 c6 9. 0-0-0 b5 10. Bf3 b4 11. Nce2 Bf8 12. Ng3 Qa5 13. Kb1 d5 14. exd5 c5 15. Nb3 Qb5 16. d6 Nc6 17. Bg5 Nd7 18. Bd5 Rb8 19. Bxf7+ Kxf7 20. Qd5+ Re6 21. Qf5+ Nf6 22. d7 Bb7 23. Bxf6 Rxf6 24. Qd5+ Re6 25. Ne4 Nd8 26. Qf5+ Kg8 27. Ng5 g6 28. Qf4 Bxg2 29. Nxe6 Nxe6 30. Qg4 Qc6 31. Rhe1 Nd8 32. Re8 Qf3 33. Qc4+ Kg7 34. Rde1 Qxf2 35. Nc1 Bh3 36. Qd3 Bf5 37. Rxf8 Qxe1 38. Qd6 Rb6 39. Qc7 Kxf8 40. Qxd8+ Kg7 41. Qc7 Bxd7 42. Qxd7+ Kf6 43. Qxa7 Qe6 44. Qxh7 c4 45. Qh8+ Kf7 46. Qh7+ Kf6 47. Qh8+ Kf7 48. Qh7+ 1/2-1/2

[Event "Australian Masters-B"]
[Site "Melbourne"]
[Date "2014.12.13"]
[Round "1"]
[White "Gorka, Carl"]
[Black "Smith, Robert Wayne"]
[Result "0-1"]
[WhiteElo "2089"]
[BlackElo "2245"]
[PlyCount "64"]
[EventDate "2014.12.13"]
[EventType "tourn"]
[EventRounds "9"]
[EventCountry "AUS"]
[SourceTitle "EXT 2016"]
[Source "ChessBase"]
[SourceDate "2015.10.08"]
[SourceVersion "1"]
[SourceVersionDate "2015.10.08"]
[SourceQuality "1"]

1. e4 c5 2. Nf3 g6 3. c3 Bg7 4. Be2 Nf6 5. d3 0-0 6. 0-0 Nc6 7. Nbd2 e5 8. Nc4 d6 9. Bg5 h6 10. Bxf6 Bxf6 11. Ne3 Bg7 12. Nd2 Be6 13. Nd5 Ne7 14. Bf3 f5 15. g3 Qd7 16. Bg2 f4 17. Nxe7+ Qxe7 18. c4 h5 19. Bf3 Bh6 20. Kh1 fxg3 21. fxg3 Qg5 22. Nb1 Rf7 23. Nc3 Raf8 24. Bg2 Rxf1+ 25. Bxf1 Rf2 26. Qe1 Qf6 27. Kg1 Rxb2 28. Rb1 Bd2 29. Qe2 Bxc3 30. Rxb2 Bd4+ 31. Kg2 Bg4 32. Qd2 Qf3# 0-1

[Event "Melbourne op"]
[Site "Melbourne"]
[Date "2012.05.21"]
[Round "4"]
[White "Gorka, Carl"]
[Black "Dale, Ari"]
[Result "1/2-1/2"]
[WhiteElo "2149"]
[BlackElo "2020"]
[PlyCount "123"]
[EventDate "2012.04.30"]
[EventType "swiss"]
[EventRounds "9"]
[EventCountry "AUS"]
[SourceTitle "EXT 2019"]
[Source "ChessBase"]
[SourceDate "2018.10.10"]
[SourceVersion "1"]
[SourceVersionDate "2018.10.10"]
[SourceQuality "1"]

1. e4 c6 2. d4 d5 3. Nc3 dxe4 4. Nxe4 Bf5 5. Ng3 Bg6 6. h4 h6 7. Nf3 Nd7 8. h5 Bh7 9. Bd3 Bxd3 10. Qxd3 e6 11. Bd2 Ngf6 12. 0-0-0 Be7 13. Qe2 0-0 14. Nf1 c5 15. g4 cxd4 16. g5 hxg5 17. Bxg5 Qa5 18. Kb1 Qb6 19. Ka1 Rfd8 20. h6 g6 21. Ne5 Nf8 22. Ng3 N8h7 23. Ne4 Qc7 24. Nxf6+ Bxf6 25. Bxf6 Nxf6 26. Rdg1 Kh7 27. Nf3 Rd5 28. Ng5+ Kh8 29. Qd3 Nh7 30. Nxe6 fxe6 31. Rxg6 Qf7 32. Rg7 Qf5 33. Qg3 Ng5 34. Rg1 Rg8 35. Qc7 Qf6 36. R1xg5 Rxg7 37. hxg7+ Kg8 38. Rxd5 exd5 39. Qxb7 Qxf2 40. Qxd5+ Kxg7 41. Qd7+ Kg6 42. Qc6+ Kg5 43. a4 Qf1+ 44. Ka2 Qf7+ 45. b3 Qf2 46. Qd5+ Kh6 47. Kb2 Qd2 48. Qc4 a5 49. Qd3 Qb4 50. Qa6+ Kg7 51. Qc6 Qd2 52. Qc7+ Kh6 53. Qc4 Kg7 54. Qd3 Qf2 55. Ka3 Qf8+ 56. Ka2 Qb4 57. Kb2 Kf8 58. Qf1+ Ke7 59. Qc4 Qxc4 60. bxc4 Kd6 61. c3 Kc5 62. cxd4+ 1/2-1/2

[Event "Begonia op 46th"]
[Site "Ballarat"]
[Date "2012.03.12"]
[Round "6"]
[White "Liu, Yi"]
[Black "Gorka, Carl"]
[Result "1/2-1/2"]
[WhiteElo "2116"]
[BlackElo "2149"]
[PlyCount "87"]
[EventDate "2012.03.10"]
[EventType "swiss"]
[EventRounds "7"]
[EventCountry "AUS"]
[SourceTitle "EXT 2019"]
[Source "ChessBase"]
[SourceDate "2018.10.10"]
[SourceVersion "1"]
[SourceVersionDate "2018.10.10"]
[SourceQuality "1"]

1. d4 d5 2. c4 c6 3. Nf3 e6 4. Nc3 Nf6 5. e3 Nbd7 6. Qc2 Bd6 7. b3 0-0 8. Bb2 Qe7 9. Be2 Re8 10. 0-0 dxc4 11. bxc4 e5 12. c5 Bc7 13. Bc4 h6 14. Nh4 Nf8 15. Nf5 Qd7 16. Ng3 exd4 17. exd4 Qg4 18. Nd1 h5 19. Ne3 Qf4 20. d5 h4 21. d6 Bxd6 22. cxd6 hxg3 23. hxg3 Qxd6 24. Rad1 Qe7 25. Nf5 Bxf5 26. Qxf5 Qe4 27. Qxe4 Nxe4 28. Rfe1 b5 29. Be2 Nf6 30. Bf3 Rxe1+ 31. Rxe1 Rc8 32. Re7 a5 33. Ra7 a4 34. Bxf6 gxf6 35. Ra6 c5 36. Rc6 Rxc6 37. Bxc6 b4 38. Bxa4 Ne6 39. Kf1 Nd4 40. Ke1 Kf8 41. Kd2 Ke7 42. Kd3 Kd6 43. Be8 Ke7 44. Ba4 1/2-1/2

[Event "Australian Masters"]
[Site "Canterbury"]
[Date "2010.12.11"]
[Round "8"]
[White "Levi, Eddy"]
[Black "Gorka, Carl"]
[Result "1/2-1/2"]
[WhiteElo "2228"]
[BlackElo "2179"]
[PlyCount "63"]
[EventDate "2010.12.04"]
[EventType "tourn"]
[EventRounds "9"]
[EventCountry "AUS"]
[EventCategory "3"]
[SourceTitle "CBM 139 Extra"]
[Source "ChessBase"]
[SourceDate "2011.01.05"]
[SourceVersion "1"]
[SourceVersionDate "2011.01.05"]
[SourceQuality "1"]

1. e4 e6 2. Nf3 c5 3. Nc3 a6 4. d4 cxd4 5. Nxd4 b5 6. Bd3 Qb6 7. Nb3 Qc7 8. 0-0 Bb7 9. Qe2 d6 10. a4 b4 11. Na2 Nf6 12. Bd2 d5 13. exd5 Nxd5 14. Be4 a5 15. c3 Ba6 16. Bd3 Bxd3 17. Qxd3 Nc6 18. Rac1 Rd8 19. Qc4 Qb6 20. cxb4 Ncxb4 21. Nxb4 Bxb4 22. Bxb4 Qxb4 23. Qc6+ Ke7 24. Qc5+ Qxc5 25. Rxc5 Rb8 26. Nxa5 Rxb2 27. Ra1 Ra8 28. g3 Kd6 29. Rc6+ Kd7 30. Rc5 Kd6 31. Rc6+ Kd7 32. Rc5 1/2-1/2

[Event "Australian Masters"]
[Site "Canterbury"]
[Date "2010.12.08"]
[Round "5"]
[White "Gorka, Carl"]
[Black "Illingworth, Max"]
[Result "0-1"]
[WhiteElo "2179"]
[BlackElo "2304"]
[PlyCount "78"]
[EventDate "2010.12.04"]
[EventType "tourn"]
[EventRounds "9"]
[EventCountry "AUS"]
[EventCategory "3"]
[SourceTitle "CBM 139 Extra"]
[Source "ChessBase"]
[SourceDate "2011.01.05"]
[SourceVersion "1"]
[SourceVersionDate "2011.01.05"]
[SourceQuality "1"]

1. d4 Nf6 2. c4 e6 3. Nc3 Bb4 4. f3 0-0 5. e4 d5 6. e5 Nfd7 7. a3 Bxc3+ 8. bxc3 dxc4 9. Bxc4 Nxe5 10. Bb3 Ng6 11. Nh3 e5 12. Ng5 Nc6 13. d5 Na5 14. Ba2 b6 15. Qd3 Nb7 16. h4 Nc5 17. Qc2 Ba6 18. c4 f5 19. Be3 Bc8 20. 0-0-0 Qd6 21. h5 Ne7 22. h6 gxh6 23. Ne6 Nxe6 24. Bxh6 Ng7 25. c5 bxc5 26. Be3 c4 27. Bxc4 Rb8 28. Qd3 e4 29. Qc3 f4 30. Bd4 Nef5 31. Be5 Qb6 32. d6+ Be6 33. dxc7 Rbe8 34. Bxg7 Nxg7 35. Rd4 exf3 36. gxf3 Qxc7 37. Bxe6+ Nxe6 38. Rg1+ Kf7 39. Rc4 Qxc4 0-1

[Event "Melbourne Cup"]
[Site "Melbourne"]
[Date "2010.11.02"]
[Round "8"]
[White "Guo, Emma"]
[Black "Gorka, Carl"]
[Result "1-0"]
[WhiteElo "1877"]
[BlackElo "2084"]
[PlyCount "118"]
[EventDate "2010.10.29"]
[EventType "swiss"]
[EventRounds "9"]
[EventCountry "AUS"]
[SourceTitle "EXT 2012"]
[Source "ChessBase"]
[SourceDate "2011.11.24"]
[SourceVersion "1"]
[SourceVersionDate "2011.11.24"]
[SourceQuality "1"]

1. e4 c5 2. Nc3 e6 3. f4 d5 4. d3 dxe4 5. Nxe4 Nc6 6. Nf3 Nf6 7. Nxf6+ Qxf6 8. g3 Be7 9. Bg2 h5 10. Rb1 Qg6 11. Ne5 Nxe5 12. fxe5 h4 13. Be4 Qh5 14. Qf3 hxg3 15. hxg3 Qxh1+ 16. Qxh1 Rxh1+ 17. Bxh1 Rb8 18. b3 f5 19. exf6 gxf6 20. Kf2 b5 21. Be3 Kf7 22. b4 e5 23. bxc5 Be6 24. a3 a5 25. c3 a4 26. c4 b4 27. Rxb4 Rxb4 28. axb4 f5 29. Bc1 e4 30. dxe4 fxe4 31. Bxe4 Bxc4 32. Ba3 Bb5 33. Ke3 Ke6 34. Bd3 Bg5+ 35. Ke4 Bc6+ 36. Kd4 Bf6+ 37. Kc4 Bf3 38. b5 Be5 39. b6 Bxg3 40. Kb5 Bg4 41. Ka6 Kd7 42. Ka7 Kc6 43. b7 Be6 44. b8Q Bxb8+ 45. Kxb8 Bg4 46. Bc4 Bf5 47. Ka7 Bc8 48. Bb4 Bf5 49. Ka6 Bc2 50. Ka5 Bb3 51. Bb5+ Kb7 52. Bxa4 Bd5 53. Bd2 Bf3 54. Bf4 Ka7 55. Kb4 Kb7 56. Kc4 Bg2 57. Kd4 Kc8 58. Ke5 Kd8 59. Kd6 Bc6 1-0